| 000 | 00465nam a2200193Ia 4500 | ||
|---|---|---|---|
| 005 | 20240823024605.0 | ||
| 008 | 240823s9999||||xx |||||||||||||| ||und|| | ||
| 020 | _a81-7524-185-3 | ||
| 041 | _aENGLISH | ||
| 082 | _A616.5583030 Q0 | ||
| 100 | _aRachnajain | ||
| 245 | 0 | _aA-Z Illustrated Encyclopaedia of Child Health | |
| 250 | _a1st | ||
| 260 |
_c2010 _b"Khel,Delhi" |
||
| 500 | _aYES | ||
| 650 |
_aChild HEalth _bGeneral |
||
| 942 | _cBK | ||
| 999 |
_c184280 _d184280 |
||